Open Data Biblioteca Nacional de Portugal


República Portuguesa: Ministério da Cultura
Biblioteca Nacional de Portugal

Catálogo da BNP: acesso por Identificadores Unívocos
Registos Bibliográficos associados ao registo de autoridade

Etiqueta de registo: 00560cas 2200217 450
001 2254495
003 http://id.bnportugal.gov.pt/bib/catbnp/2254495
100 ## $a20260126b19711974m y0pory01030103ba
101 0# $apor
102 ## $aPT
106 ## $ar
110 ## $aadazz 0uu0
200 1# $aMini Época$fdir. Álvaro Parreira... [et al.]$gpropr. Empresa Nacional de Publicidade
207 #0 $aNº 1 (24 dez. 1971) - nº 113 (20 abr. 1974)
210 #9 $aLisboa$cEmpresa Nacional de Publicidade$d1971-1974
215 ## $d29 cm
312 ## $aSuplemento destacável, publicado como parte integrante do jornal A Época
317 ## $aColeção Leandro de Moraes Sarmento$5PTBN: L.M.S. 43
326 ## $aQuinzenal
422 #1 $100192559$tÉpoca$cLisboa$bEmpresa Nacional de Publicidade$d1971-1974
606 ## $aBanda desenhada$x[Periódicos]$2SIPOR$3887831
606 ## $aLiteratura juvenil$x[Periódicos]$2SIPOR$31883993
620 ## $dLisboa
675 ## $a741.5(05)$vBN$zpor$3300845
675 ## $a087.5(05)$vBN$zpor$3288171
702 #1 $aParreira$bAlvaro$4300$359160
712 02 $aEmpresa Nacional de Publicdade$4650$31989816
801 #0 $aPT$bBN$gRPC
966 ## $lBN$mFGJOR$pBiblioteca particular Leandro de Moraes Sarmento$sL.M.S. 43 $x3
971 ## $cisantos$d20260126

OpendataBNP@bnportugal.pt | Mais informação sobre acesso aos dados BNP